Fundamentos Químicos de las Ciencias Biológicas / (Record no. 8017)

000 -CABECERA
fixed length control field 01063nam a22002537a 4500
003 - IDENTIFICADOR DEL NÚMERO DE CONTROL
control field AR-CdUCM
008 - DATOS DE LONGITUD FIJA--INFORMACIÓN GENERAL
fixed length control field 190322b ||||| |||| 00| 0 spa d
040 ## - FUENTE DE LA CATALOGACIÓN
Agencia/entidad que catalogó originalmente la obra MUNICIPALIDAD PROVINCIAL DEL CUSCO
Entidad que transcribió la catalogación BIBLIOTECA MUNICIPAL DEL CUSCO
082 ## - NÚMERO DE LA CLASIFICACIÓN DECIMAL DEWEY
No. de Clasificación 570 /
Notacion interna W54
100 ## - ENTRADA PRINCIPAL--NOMBRE DE PERSONA
Nombre Personal White, Emil H.
245 ## - MENCIÓN DE TÍTULO
Título Fundamentos Químicos de las Ciencias Biológicas /
260 ## - PUBLICACIÓN, DISTRIBUCIÓN, ETC.
Lugar de publicación, distribución, etc. México :
Nombre de la editorial, distribuidor, etc. Hispano Americana ;
Fecha de publicación, distribución, etc. 1966.
300 ## - DESCRIPCIÓN FÍSICA
Nº de Páginas Extensión 261 páginas ;
Otros detalles físicos Fórmulas, tablas, diagramas
Dimensiones 17cm
440 ## - MENCIÓN DE SERIE/PUNTO DE ACCESO ADICIONAL--TÍTULO
Título Colección Manuales Uteha
Número de la parte/sección de una obra 243/243a
9 (RLIN) 22656
505 ## - NOTA DE CONTENIDO CON FORMATO
Nota de contenido formateada Contenido: Materia, átomos y moléculas -- Reacciones químicas -- Química orgánica: los hidrocarburos -- Compuestos orgánicos que contienen oxígeno -- Compuestos orgánicos que contienen nitrógeno...
650 ## - PUNTO DE ACCESO ADICIONAL DE MATERIA--TÉRMINO DE MATERIA
Descriptor Nitrógeno
9 (RLIN) 22657
650 ## - PUNTO DE ACCESO ADICIONAL DE MATERIA--TÉRMINO DE MATERIA
Descriptor Oxígeno
9 (RLIN) 22658
650 ## - PUNTO DE ACCESO ADICIONAL DE MATERIA--TÉRMINO DE MATERIA
Descriptor Compuestos orgánicos
9 (RLIN) 22659
700 ## - PUNTO DE ACCESO ADICIONAL--NOMBRE DE PERSONA
Nombre Personal Calva Pellicer, Cesar M. (traducción)
9 (RLIN) 22660
700 ## - PUNTO DE ACCESO ADICIONAL--NOMBRE DE PERSONA
Nombre Personal Calva Pellicer, Francisco (traducción)
9 (RLIN) 22661
942 ## - ELEMENTOS DE PUNTO DE ACCESO ADICIONAL (KOHA)
Fuente de clasificación
Tipo de item Libros-BMC
945 ## - PROCESAMIENTO DE INFORMACIÓN LOCAL (OCLC)
Catalogador nom
Holdings
Estado de retiro (separado) Fuente de clasificación o esquema de estanterías Estado dañado Ubicación Sala donde se ubica Nombre de la colección Fecha de adquisición o compra Costo, precio normal en soles Signatura topográfica Código de Barras Última vez visto (Koha) Tipo de ítem (Koha)
No     Sala Ciencias Sala Ciencias Book Cart 2019-03-22 30.00 570 / W54 SC0000000923 2019-03-22 Libros-BMC
No     Sala Ciencias Sala Ciencias Book Cart 2019-05-06 30.00 570 / W54 / e.2 SC0000001373 2019-05-06 Libros-BMC

Powered by Koha